Применение самоотклоняющихся кислотных составов для интенсификации добычи нефти; Проблемы геологии и освоения недр; Т. 2

Detalles Bibliográficos
Parent link:Проблемы геологии и освоения недр=Problems of Geology and Subsurface Development: труды XXV Международного симпозиума имени академика М. А. Усова студентов и молодых учёных, посвященного 120-летию горногеологического образования в Сибири, 125-летию со дня основания Томского политехнического университета, Томск, 5-9 апреля 2021 г./ Национальный исследовательский Томский политехнический университет, Инженерная школа природных ресурсов ; гл. ред. Н. В. Гусева ; под ред. Е. Ю. Пасечник.— , 2021
Т. 2.— 2021.— [С. 120-121]
Autor Principal: Савенков Н. В.
Autor Corporativo: Национальный исследовательский Томский политехнический университет Инженерная школа природных ресурсов Отделение нефтегазового дела
Outros autores: Орлова Ю. Н. Юлия Николаевна (научный руководитель)
Summary:Заглавие с экрана
Idioma:ruso
Publicado: 2021
Series:Современные технологии разработки нефтяных и газовых месторождений
Subjects:
Acceso en liña:http://earchive.tpu.ru/handle/11683/68556
Formato: MixedMaterials Electrónico Capítulo de libro
KOHA link:https://koha.lib.tpu.ru/cgi-bin/koha/opac-detail.pl?biblionumber=633602

MARC

LEADER 00000naa2a2200000 4500
001 633602
005 20231101133753.0
035 |a (RuTPU)RU\TPU\conf\35350 
035 |a RU\TPU\conf\35348 
090 |a 633602 
100 |a 20211012d2021 k y0rusy50 ca 
101 0 |a rus 
102 |a RU 
105 |a y z 100zy 
135 |a drcn ---uucaa 
181 0 |a i  
182 0 |a b 
200 1 |a Применение самоотклоняющихся кислотных составов для интенсификации добычи нефти  |f Н. В. Савенков  |g науч. рук. Ю. Н. Орлова 
203 |a Текст  |c электронный 
225 1 |a Современные технологии разработки нефтяных и газовых месторождений 
230 |a 1 компьютерный файл (pdf; 702 Kb) 
300 |a Заглавие с экрана 
320 |a [Библиогр.: с. 121 (5 назв.)] 
461 1 |0 (RuTPU)RU\TPU\conf\35202  |t Проблемы геологии и освоения недр  |l Problems of Geology and Subsurface Development  |o труды XXV Международного симпозиума имени академика М. А. Усова студентов и молодых учёных, посвященного 120-летию горногеологического образования в Сибири, 125-летию со дня основания Томского политехнического университета, Томск, 5-9 апреля 2021 г.  |o в 2 т.  |f Национальный исследовательский Томский политехнический университет, Инженерная школа природных ресурсов ; гл. ред. Н. В. Гусева ; под ред. Е. Ю. Пасечник  |d 2021 
463 1 |0 (RuTPU)RU\TPU\conf\35204  |t Т. 2  |v [С. 120-121]  |d 2021 
610 1 |a труды учёных ТПУ 
610 1 |a электронный ресурс 
610 1 |a кислотные составы 
610 1 |a интенсификация 
610 1 |a добыча нефти 
610 1 |a фильтрационно-емкостные свойства 
610 1 |a пласты 
610 1 |a фильтрация 
610 1 |a призабойные зоны 
610 1 |a скважины 
700 1 |a Савенков  |b Н. В. 
702 1 |a Орлова  |b Ю. Н.  |c физик  |c доцент Томского политехнического университета, кандидат физико-математических наук  |f 1978-  |g Юлия Николаевна  |2 stltpush  |4 727 
712 0 2 |a Национальный исследовательский Томский политехнический университет  |b Инженерная школа природных ресурсов  |b Отделение нефтегазового дела  |h 8084  |2 stltpush  |3 (RuTPU)RU\TPU\col\23546 
801 2 |a RU  |b 63413507  |c 20211029  |g RCR 
856 4 |u http://earchive.tpu.ru/handle/11683/68556 
942 |c BK